| 000 | 00723nam a22002297a 4500 | ||
|---|---|---|---|
| 999 |
_c14023 _d14023 |
||
| 003 | AR-CdUCM | ||
| 008 | 190417b ||||| |||| 00| 0 spa d | ||
| 040 |
_aMUNICIPALIDAD PROVINCIAL DEL CUSCO _cBIBLIOTECA MUNICIPAL DEL CUSCO |
||
| 082 |
_a869.56 / _bD49 / 1927 |
||
| 100 |
_aDelmar, Serafin _932687 |
||
| 245 | _aRadiogramas del pacífico / | ||
| 260 |
_aPerú : _bEditorial Minerva, _c1927. |
||
| 300 |
_a96 páginas ; _bIlustraciones, _c17 cm. |
||
| 500 | _aDonación familia Nieto | ||
| 505 | _aContenido: Poesía peruana. | ||
| 650 |
_aPoesía peruana _9806 |
||
| 650 |
_aPoemas _9929 |
||
| 650 |
_aDrama _9560 |
||
| 700 |
_aBaltra, German (grabados) _932688 |
||
| 942 |
_2ddc _cLIBROS |
||
| 945 |
_apjha _d2019-04-22 |
||